LEADER 05390 am 22007933u 450 001 9910346697703321 005 20221206104306.0 024 7 $a10.1525/9780520972483 035 $a(CKB)4920000000094717 035 $a(OCoLC)1085576967 035 $a(DE-B1597)539948 035 $a(DE-B1597)9780520972483 035 $a(ScCtBLL)3095ef64-7c87-4655-ac66-e8511d686a2f 035 $a(MiAaPQ)EBC6984282 035 $a(Au-PeEL)EBL6984282 035 $a(EXLCZ)994920000000094717 100 $a20200406h20192019 fg 101 0 $aeng 135 $aurm|#---||||| 181 $ctxt$2rdacontent 182 $cc$2rdamedia 183 $acr$2rdacarrier 200 04$aThe Social Question in the Twenty-First Century $eA Global View /$fJan Breman, Kevan Harris, Ching Kwan Lee, Marcel van der Linden 210 1$aBerkeley, CA :$cUniversity of California Press,$d[2019] 210 4$d©2019 215 $a1 online resource (xiii, 266 pages) $cillustrations; PDF, digital file(s) 311 08$aPrint version: 9780520302402 320 $aIncludes bibliographical references and index. 327 $tFrontmatter --$tContents --$tList of Illustrations --$tList of Contributors --$tPreface: The Terrifying Convergence of the Three Worlds of the "Social Question" --$t1. The Social Question All Over Again --$t2. The Social Question in Western Europe: Past and Present --$t3. The End of American Exceptionalism: The Social Question in the United States --$t4. The Social Question as the Struggle over Precarity: The Case of China --$t5. Migrants, Mobilizations, and Selective Hegemony in Mekong Asia's Special Economic Zones --$t6. A Mirage of Welfare: How the Social Question in India Got Aborted --$t7. The Labor Question and Dependent Capitalism: The Case of Latin America --$t8. Labor and Land Struggles in a Brazilian Steel Town: The Reorganization of Capital under Neo-Extractivism --$t9. From Poverty to Informality? The Social Question in Africa in a Historical Perspective --$t10. The Social Question in South Africa: From Settler Colonialism to Neoliberal-Era Democracy --$t11. The Social Question in the Middle East: Past and Present --$t12. Post-Socialist Contradictions: The Social Question in Central and Eastern Europe and the Making of the Illiberal Right --$t13. The Social Question in Russia: From De-Politicization to a Growing Sense of Exploitation --$t14. Postscript: The Social Question in Its Global Incarnation --$tIndex 330 $aA free open access ebook is available upon publication. Learn more at www.luminosoa.org. Want, disease, ignorance, squalor, and idleness: first recognized together in mid-nineteenth-century Europe, these are the focus of the Social Question. In 1942 William Beveridge called them the "giant evils" while diagnosing the crises produced by the emergence of industrial society. More recently, during the final quarter of the twentieth century, the global spread of neoliberal policies enlarged these crises so much that the Social Question has made a comeback. The Social Question in the Twenty-First Century maps out the linked crises across regions and countries and identifies the renewed and intensified Social Question as a labor issue above all. The volume includes discussions from every corner of the globe, focusing on American exceptionalism, Chinese repression, Indian exclusion, South African colonialism, democratic transitions in Eastern Europe, and other phenomena. The effects of capitalism dominating the world, the impact of the scarcity of waged work, and the degree to which the dispossessed poor bear the brunt of the crisis are all evaluated in this carefully curated volume. Both thorough and thoughtful, the book serves as collective effort to revive and reposition the Social Question, reconstructing its meaning and its politics in the world today. 606 $aCapitalism$xSocial aspects 606 $aEquality$xEconomic aspects 606 $aLabor$xHistory 606 $aSOCIAL SCIENCE / Poverty & Homelessness$2bisacsh 610 $a20th century. 610 $aamerican exceptionalism. 610 $acapitalism. 610 $achinese repression. 610 $ademocratic transitions in eastern europe. 610 $adisease. 610 $agiant evils. 610 $aidleness. 610 $aignorance. 610 $aindian exclusion. 610 $aindustrial society. 610 $alabor issue. 610 $aneoliberal policies. 610 $apolitics. 610 $apoor people. 610 $ascarcity of waged work. 610 $asocial question. 610 $asouth african colonialism. 610 $asqualor. 610 $awant. 615 0$aCapitalism$xSocial aspects. 615 0$aEquality$xEconomic aspects. 615 0$aLabor$xHistory. 615 7$aSOCIAL SCIENCE / Poverty & Homelessness. 676 $a306.3 702 $aBreman$b Jan$4edt$4http://id.loc.gov/vocabulary/relators/edt 702 $aHarris$b Kevan$4edt$4http://id.loc.gov/vocabulary/relators/edt 702 $aLee$b Ching Kwan$4edt$4http://id.loc.gov/vocabulary/relators/edt 702 $aLinden$b Marcel van der$f1952-$4edt$4http://id.loc.gov/vocabulary/relators/edt 801 0$bDE-B1597 801 1$bDE-B1597 906 $aBOOK 912 $a9910346697703321 996 $aThe Social Question in the Twenty-First Century$92065724 997 $aUNINA LEADER 02920 am 2200709 n 450 001 9910566497703321 005 20220429 010 $a2-37747-364-4 024 7 $a10.4000/books.ugaeditions.27561 035 $a(CKB)5670000000351019 035 $a(FrMaCLE)OB-ugaeditions-27561 035 $a(oapen)https://directory.doabooks.org/handle/20.500.12854/87132 035 $a(PPN)26273866X 035 $a(EXLCZ)995670000000351019 100 $a20220429j|||||||| ||| 0 101 0 $afre 135 $auu||||||m|||| 181 $2rdacontent 182 $2rdamedia 183 $2rdacarrier 200 12$aL?Oiseau vert /$fCarlo Gozzi 210 $aGrenoble $cUGA Éditions$d2022 215 $a190 pages ;$d18 cm 225 0 $aParoles d'ailleurs,$x1286-8485 311 $a2-84310-229-4 320 $aIncludes bibliographical references (pages 51-55). 330 $aL?Oiseau vert (1765) est la neuvième des dix fables théâtrales que l?écrivain vénitien Carlo Gozzi, invente pour triompher de l?autre Carlo, Goldoni, adversaire honni contre lequel il se déchaînait depuis dix ans. Il la nomme fable philosophique pour souligner l?importance du message allégorique qu?il y développe, et répondre à ceux qui trouvaient ses intrigues de conte de fées trop puériles et « fondées sur le faux ». Il y donne un destin à la fois tragique, pathétique et burlesque aux protagonistes de sa première fable, L?Amour des trois oranges (1761), et porte à sa perfection une écriture-centaure qui traduit sur la page la subtile articulation entre dramaturgie d?auteur et dramaturgie d?acteur propre à la commedia dell?arte. Son contemporain Giuseppe Baretti voyait en Gozzi un nouveau Shakespeare. Avait-il tort ? Avait-il raison ? Cette traduction à lire et à jouer qui se démarque des versions scéniques modernes pour revenir à la lettre de l?original permettra de trancher la question. 606 $aLiterature 606 $aTheater 606 $acomédie 606 $acommedia dell?arte 606 $afable 606 $aallégorie 606 $atragique 606 $aburlesque 606 $atraduction 606 $afable théâtrale 610 $acomédie 610 $acommedia dell?arte 610 $afable 610 $aallégorie 610 $atragique 610 $aburlesque 610 $atraduction 610 $afable théâtrale 615 4$aLiterature 615 4$aTheater 615 4$acomédie 615 4$acommedia dell?arte 615 4$afable 615 4$aallégorie 615 4$atragique 615 4$aburlesque 615 4$atraduction 615 4$afable théâtrale 700 $aGozzi$b Carlo$0293286 701 $aDecroisette$b F$g(Franc?oise)$0710966 801 0$bFR-FrMaCLE 906 $aBOOK 912 $a9910566497703321 996 $aL'oiseau vert$92878028 997 $aUNINA